[Event "LYM - Open Maîtres"]
[Site "Lausanne - Casino de Montbenon"]
[Date "1999.05.12"]
[Round "1"]
[White "Du Bois, Yves"]
[Black "Herb, Pascal"]
[Result "1/2-1/2"]
[WhiteElo "2061"]
[BlackElo "2356"]
[PlyCount "55"]
[EventDate "2006.09.01"]
[SourceDate "2006.09.01"]

1. d4 Nf6 2. c4 e6 3. Nf3 a6 4. Nc3 c5 5. e3 d5 6. dxc5 Bxc5 7. Be2 O-O 8. O-O
Qe7 9. cxd5 Rd8 10. e4 exd5 11. Nxd5 Nxd5 12. exd5 Qe4 13. Ng5 Qxd5 14. Qxd5
Rxd5 15. Bc4 Rd7 16. Be3 Bf8 17. Rfd1 Rc7 18. Rac1 Nc6 19. Bf4 Re7 20. Bd6 Rd7
21. Bxf8 Kxf8 22. Nxh7+ Kg8 23. Rxd7 Bxd7 24. Ng5 Be8 25. Re1 Kf8 26. h4 Rd8
27. Nh7+ Kg8 28. Ng5 1/2-1/2

[Event "LYM - Open Maîtres"]
[Site "Lausanne - Casino de Montbenon"]
[Date "1999.05.12"]
[Round "1"]
[White "Grigore, George-Gabriel"]
[Black "Perruchoud, Benoît"]
[Result "1-0"]
[WhiteElo "2528"]
[BlackElo "2200"]
[PlyCount "39"]
[EventDate "2006.09.01"]
[SourceDate "2006.09.01"]

1. d4 e6 2. c4 Nf6 3. Nc3 Bb4 4. Qc2 c5 5. dxc5 Bxc5 6. Nf3 Nc6 7. Bg5 O-O 8.
e3 Be7 9. Rd1 Qa5 10. Be2 d5 11. O-O dxc4 12. Bxc4 a6 13. Bb3 h6 14. Bh4 b5 15.
Bxf6 Bxf6 16. Ne4 Bb7 17. Nxf6+ gxf6 18. Bxe6 Kg7 19. Rd7 Bc8 20. Bxf7 1-0

[Event "LYM - Open Maîtres"]
[Site "Lausanne - Casino de Montbenon"]
[Date "1999.05.12"]
[Round "1"]
[White "Kengis, Edvins"]
[Black "Loetscher, Roland"]
[Result "1-0"]
[WhiteElo "2571"]
[BlackElo "2241"]
[PlyCount "59"]
[EventDate "2006.09.01"]
[SourceDate "2006.09.01"]

1. Nf3 c5 2. c4 Nf6 3. Nc3 b6 4. g3 Bb7 5. Bg2 g6 6. O-O Bg7 7. d4 cxd4 8. Qxd4
O-O 9. Qh4 d6 10. Bh6 Nbd7 11. Rfd1 Rc8 12. Bxg7 Kxg7 13. Qd4 Bxf3 14. exf3 Kg8
15. f4 Qc7 16. b3 a6 17. Rac1 Nc5 18. Bh3 Rcd8 19. b4 Ncd7 20. Nd5 Nxd5 21.
cxd5 Qb7 22. Rc6 f5 23. Rdc1 Nf6 24. Bg2 Rc8 25. Qc3 Rxc6 26. dxc6 Qa7 27. c7
Rc8 28. Qc6 Ne8 29. Qd7 Rxc7 30. Qxe8+ 1-0

[Event "LYM - Open Maîtres"]
[Site "Lausanne - Casino de Montbenon"]
[Date "1999.05.12"]
[Round "1"]
[White "Jagstaidt, Patrick"]
[Black "Prié, Eric"]
[Result "0-1"]
[WhiteElo "2100"]
[BlackElo "2467"]
[PlyCount "107"]
[EventDate "2006.09.01"]
[SourceDate "2006.09.01"]

1. d4 d5 2. c4 c6 3. cxd5 cxd5 4. Nc3 Nf6 5. Bf4 Nc6 6. Nf3 a6 7. h3 Ne4 8. a3
Nxc3 9. bxc3 e6 10. e3 Qa5 11. Qb3 Bd7 12. Bd3 Rc8 13. O-O Nd8 14. Rfc1 Ba4 15.
Qb2 Be7 16. e4 O-O 17. Bd2 dxe4 18. Bxe4 Qb5 19. Qb1 Qxb1 20. Rcxb1 Bc6 21.
Bxc6 Rxc6 22. a4 Bd6 23. Rb3 Re8 24. Be3 Re7 25. Nd2 Rec7 26. Ne4 Be7 27. Bf4
Rc8 28. Bd2 Kf8 29. Kf1 Rc4 30. f4 R8c7 31. Ke2 Nc6 32. Kd3 Na5 33. Rb6 Rd7 34.
Bc1 Rcc7 35. Nd2 Rd5 36. Ba3 Bxa3 37. Rxa3 Rf5 38. Ke4 g5 39. g3 gxf4 40. g4
Rf6 41. Rab3 Rh6 42. c4 Rd7 43. Rd3 f3 44. Nxf3 Rxh3 45. Ne5 f5+ 46. Kf4 Rxd3
47. Nxd7+ Ke7 48. Ne5 Rxd4+ 49. Kg5 Re4 50. Nf3 Rxg4+ 51. Kh6 Kf6 52. Kxh7 Rf4
53. Nd2 Rh4+ 54. Kg8 0-1

[Event "LYM - Open Maîtres"]
[Site "Lausanne - Casino de Montbenon"]
[Date "1999.05.12"]
[Round "1"]
[White "De la Riva, Oscar"]
[Black "Sadeghi, Hassan"]
[Result "1-0"]
[WhiteElo "2495"]
[BlackElo "2155"]
[PlyCount "53"]
[EventDate "2006.09.01"]
[SourceDate "2006.09.01"]

1. e4 e5 2. Nf3 Nc6 3. d4 exd4 4. Nxd4 Nxd4 5. Qxd4 Qf6 6. Qe3 Bb4+ 7. Nd2 Ba5
8. Bd3 Ne7 9. e5 Qe6 10. O-O d5 11. Nf3 Bb6 12. Qe2 h6 13. c4 Bd7 14. b4 c5 15.
Ba3 Rc8 16. bxc5 Bxc5 17. Bxc5 Rxc5 18. Qe3 b6 19. Nd4 Qg4 20. h3 Qh5 21. Rae1
O-O 22. e6 fxe6 23. Nxe6 Bxe6 24. Qxe6+ Rf7 25. Qd7 Ng6 26. Qe8+ Nf8 27. Re5
1-0

[Event "LYM - Open Maîtres"]
[Site "Lausanne - Casino de Montbenon"]
[Date "1999.05.12"]
[Round "1"]
[White "Guyer, Patrick"]
[Black "Rainfray, Arnaud"]
[Result "0-1"]
[WhiteElo "2030"]
[BlackElo "2322"]
[PlyCount "40"]
[EventDate "2006.09.01"]
[SourceDate "2006.09.01"]

1. e4 c5 2. Nc3 e6 3. g3 d5 4. Bg2 dxe4 5. Bxe4 Nc6 6. d3 Nf6 7. Bg2 Be7 8.
Nge2 O-O 9. O-O Qd7 10. Nf4 b6 11. Ne4 Nxe4 12. Bxe4 Bb7 13. Be3 Rfd8 14. Re1
Bf6 15. c3 Ne5 16. Nh5 Be7 17. Qe2 Nxd3 18. Qg4 g6 19. Bxd3 Qxd3 20. Bh6 Qd5
0-1

[Event "LYM - Open Maîtres"]
[Site "Lausanne - Casino de Montbenon"]
[Date "1999.05.12"]
[Round "1"]
[White "Paleologu, Vladimir"]
[Black "Jenni, Florian"]
[Result "0-1"]
[WhiteElo "2035"]
[BlackElo "2395"]
[PlyCount "70"]
[EventDate "2006.09.01"]
[SourceDate "2006.09.01"]

1. e4 e5 2. Nf3 Nc6 3. Bc4 Nf6 4. Ng5 d5 5. exd5 Nd4 6. c3 b5 7. Bf1 Nxd5 8.
Ne4 Ne6 9. Bxb5+ Bd7 10. Qa4 Rb8 11. Bxd7+ Qxd7 12. Qxd7+ Kxd7 13. O-O Ndf4 14.
b4 Nd3 15. Na3 Nef4 16. Nc4 f5 17. Ng5 Bd6 18. g3 Ne2+ 19. Kg2 Nexc1 20. Raxc1
Nxc1 21. Rxc1 Rbe8 22. Re1 e4 23. h4 h6 24. Nh3 g6 25. Rb1 Rhg8 26. Rb3 g5 27.
h5 f4 28. Ra3 Ra8 29. Ra5 Rgf8 30. Rd5 Kc6 31. Rd4 Rae8 32. a4 Rf5 33. g4 Rd5
34. Na5+ Rxa5 35. bxa5 Bc5 0-1

[Event "LYM - Open Maîtres"]
[Site "Lausanne - Casino de Montbenon"]
[Date "1999.05.12"]
[Round "1"]
[White "Maric, Alisa"]
[Black "Belaz, Christian"]
[Result "1-0"]
[WhiteElo "2481"]
[BlackElo "2108"]
[PlyCount "79"]
[EventDate "2006.09.01"]
[SourceDate "2006.09.01"]

1. Nf3 Nf6 2. c4 g6 3. g3 Bg7 4. Bg2 O-O 5. O-O d5 6. cxd5 Nxd5 7. d4 Nc6 8.
Nc3 Nb6 9. e3 e5 10. d5 e4 11. dxc6 Qxd1 12. Rxd1 exf3 13. Bxf3 bxc6 14. Rb1
Bxc3 15. bxc3 Be6 16. Ba3 Rfd8 17. Bxc6 Rab8 18. Be7 Rxd1+ 19. Rxd1 Bxa2 20. e4
Nc4 21. Bd5 c6 22. Bxc6 Rb1 23. Rxb1 Bxb1 24. f4 Bc2 25. Kf2 a5 26. Bd5 Bd3 27.
Bxc4 Bxc4 28. Ke3 f5 29. exf5 gxf5 30. Kd4 Ba6 31. Kd5 Kf7 32. Ba3 Ke8 33. Ke6
Bd3 34. Kf6 Kd7 35. Kg7 Kc6 36. Kxh7 Kb5 37. h4 Ka4 38. Be7 Kb3 39. h5 Be2 40.
h6 1-0

[Event "LYM - Open Maîtres"]
[Site "Lausanne - Casino de Montbenon"]
[Date "1999.05.12"]
[Round "1"]
[White "Rotfuss, Olivier"]
[Black "Kalinitschev, Sergey"]
[Result "0-1"]
[WhiteElo "2200"]
[BlackElo "2558"]
[PlyCount "78"]
[EventDate "2006.09.01"]
[SourceDate "2006.09.01"]

1. d4 e6 2. Nf3 c5 3. e3 Nf6 4. Bd3 b6 5. O-O Bb7 6. Nbd2 d6 7. Re1 Be7 8. Qe2
O-O 9. c3 Nc6 10. e4 cxd4 11. Nxd4 Ne5 12. Ba6 Bxa6 13. Qxa6 Qc8 14. Qe2 Re8
15. N2f3 Ng6 16. Bg5 a6 17. c4 h6 18. Bxf6 Bxf6 19. g3 Qc5 20. Rad1 Rac8 21. b3
Red8 22. h4 Re8 23. Kg2 Rcd8 24. Qe3 Rd7 25. Re2 Red8 26. Nc2 Qc7 27. Red2 Qb7
28. Kg1 Be7 29. Qe2 b5 30. cxb5 axb5 31. Ncd4 b4 32. Nb5 Qa6 33. Kf1 Qb6 34. h5
Nf8 35. e5 dxe5 36. Rxd7 Rxd7 37. Rxd7 Nxd7 38. Nxe5 Nxe5 39. Qxe5 Bc5 0-1

[Event "LYM - Open Maîtres"]
[Site "Lausanne - Casino de Montbenon"]
[Date "1999.05.12"]
[Round "1"]
[White "Klovans, Janis"]
[Black "Spanton, Thimoty"]
[Result "1/2-1/2"]
[WhiteElo "2465"]
[BlackElo "2096"]
[PlyCount "90"]
[EventDate "2006.09.01"]
[SourceDate "2006.09.01"]

1. e4 c5 2. Nf3 g6 3. d4 cxd4 4. Nxd4 Bg7 5. Nc3 Nc6 6. Be3 Nf6 7. Bc4 Qa5 8.
O-O O-O 9. Bb3 b6 10. Nd5 Nxd5 11. exd5 Nxd4 12. Bxd4 Bb7 13. Re1 e6 14. Bxg7
Kxg7 15. Qd4+ Kg8 16. Rad1 Bxd5 17. Bxd5 Qxd5 18. Qxd5 exd5 19. Rxd5 Rac8 20.
c3 Rfe8 21. Rxe8+ Rxe8 22. Kf1 Re7 23. a4 Kf8 24. a5 Ke8 25. axb6 axb6 26. Rd6
Re6 27. Rxe6+ fxe6 28. Ke2 d6 29. Ke3 Ke7 30. Kf4 Kf6 31. h4 h5 32. c4 d5 33.
cxd5 exd5 34. f3 Ke6 35. g4 Kd6 36. gxh5 gxh5 37. Kf5 Kc5 38. f4 Kc4 39. Ke5 d4
40. Ke4 d3 41. Ke3 d2 42. Kxd2 Kd4 43. f5 Ke5 44. Ke3 Kxf5 45. Kf3 Ke5 1/2-1/2

[Event "LYM - Open Maîtres"]
[Site "Lausanne - Casino de Montbenon"]
[Date "1999.05.12"]
[Round "1"]
[White "Tukmakov, Vladimir"]
[Black "Pujos, Stéphane"]
[Result "1/2-1/2"]
[WhiteElo "2501"]
[BlackElo "2249"]
[PlyCount "69"]
[EventDate "2006.09.01"]
[SourceDate "2006.09.01"]

1. Nf3 c5 2. c4 Nc6 3. d4 cxd4 4. Nxd4 g6 5. e4 Nf6 6. Nc3 Nxd4 7. Qxd4 d6 8.
Be3 Bg7 9. Be2 O-O 10. Qd2 Be6 11. Rc1 Qa5 12. f3 Rfc8 13. b3 a6 14. Na4 Qxd2+
15. Kxd2 Nd7 16. g4 f5 17. exf5 gxf5 18. h3 Rd8 19. Rhd1 d5 20. gxf5 Bxf5 21.
Ke1 dxc4 22. Bxc4+ Kf8 23. Bd5 Rab8 24. Rc7 b5 25. Nc5 Nxc5 26. Bxc5 Rd7 27.
Rxd7 Bxd7 28. Be4 Bxh3 29. Bxh7 Be6 30. Be4 Kf7 31. Ke2 Rh8 32. Kd3 Rd8+ 33.
Ke2 Rh8 34. Bg1 Be5 35. Bd5 1/2-1/2

[Event "LYM - Open Maîtres"]
[Site "Lausanne - Casino de Montbenon"]
[Date "1999.05.12"]
[Round "1"]
[White "Fressinet, Laurent"]
[Black "Suri, Hans"]
[Result "1-0"]
[WhiteElo "2424"]
[BlackElo "2060"]
[PlyCount "65"]
[EventDate "2006.09.01"]
[SourceDate "2006.09.01"]

1. e4 c5 2. Nf3 e6 3. d4 cxd4 4. Nxd4 Nf6 5. Nc3 Nc6 6. g3 Qc7 7. Ndb5 Qb8 8.
Bf4 e5 9. Bg5 a6 10. Bxf6 gxf6 11. Na3 b5 12. Nd5 Be7 13. Bg2 d6 14. c3 Be6 15.
Nc2 Bxd5 16. exd5 Na5 17. O-O Qc7 18. Qh5 Nc4 19. b3 Nb6 20. Ne3 Nd7 21. a4
bxa4 22. Rxa4 Qxc3 23. Nf5 Qxb3 24. Ng7+ Kd8 25. Rfa1 Nc5 26. Ra5 Rf8 27. Rxc5
dxc5 28. d6 Ra7 29. dxe7+ Kxe7 30. Nf5+ Kd8 31. Qh6 Re8 32. Qxf6+ Ree7 33. Qd6+
1-0

[Event "LYM - Open Maîtres"]
[Site "Lausanne - Casino de Montbenon"]
[Date "1999.05.12"]
[Round "1"]
[White "Sargissian, Gabriel"]
[Black "Ambrosini, Nicola"]
[Result "1-0"]
[WhiteElo "2390"]
[BlackElo "2175"]
[PlyCount "49"]
[EventDate "2006.09.01"]
[SourceDate "2006.09.01"]

1. e4 e5 2. Nf3 Nc6 3. Bb5 a6 4. Ba4 Nf6 5. O-O Be7 6. Re1 b5 7. Bb3 d6 8. c3
O-O 9. d3 Na5 10. Bc2 c5 11. Nbd2 Re8 12. Nf1 Bf8 13. Ne3 d5 14. exd5 Nxd5 15.
Nxd5 Qxd5 16. d4 e4 17. dxc5 Qxd1 18. Bxd1 Bb7 19. Nd2 Bxc5 20. Kf1 e3 21. fxe3
Bxe3 22. a4 Nc6 23. axb5 axb5 24. Rxa8 Bxa8 25. Nf3 1-0

[Event "LYM - Open Maîtres"]
[Site "Lausanne - Casino de Montbenon"]
[Date "1999.05.12"]
[Round "1"]
[White "Gallagher, Joseph"]
[Black "Antonini, David"]
[Result "1-0"]
[WhiteElo "2519"]
[BlackElo "2195"]
[PlyCount "43"]
[EventDate "2006.09.01"]
[SourceDate "2006.09.01"]

1. e4 Nf6 2. e5 Nd5 3. d4 d6 4. Nf3 Bg4 5. Be2 c6 6. c4 Nb6 7. exd6 exd6 8. O-O
Be7 9. b3 O-O 10. Bf4 d5 11. c5 Nc8 12. Nc3 Nd7 13. b4 Bf6 14. h3 Bxf3 15. Bxf3
Bg5 16. Bh2 Ne7 17. b5 Qa5 18. Qd3 g6 19. bxc6 bxc6 20. Rab1 Rfe8 21. Rb7 Nf8
22. Bc7 1-0

[Event "LYM - Open Maîtres"]
[Site "Lausanne - Casino de Montbenon"]
[Date "1999.05.12"]
[Round "1"]
[White "Abergel, Thal"]
[Black "Wojtkiewicz, Aleksander"]
[Result "0-1"]
[WhiteElo "2221"]
[BlackElo "2570"]
[PlyCount "124"]
[EventDate "2006.09.01"]
[SourceDate "2006.09.01"]

1. e4 c5 2. Nf3 d6 3. d4 cxd4 4. Nxd4 Nf6 5. Nc3 a6 6. Be3 e5 7. Nb3 Be6 8. Qd2
Nbd7 9. f3 Rc8 10. g4 Be7 11. g5 Nh5 12. Rg1 O-O 13. O-O-O Nb6 14. Kb1 g6 15.
h4 Qc7 16. Qf2 Nc4 17. Bxc4 Qxc4 18. Nd5 Bxd5 19. Rxd5 f5 20. Na5 Qc7 21. Qe2
fxe4 22. fxe4 b5 23. Nb3 Qd7 24. Nc5 Qh3 25. Nxa6 Qxh4 26. Qxb5 Qxe4 27. Qd3
Qxd3 28. Rxd3 Nf4 29. Bxf4 Rxf4 30. a3 Rf5 31. b4 e4 32. Rb3 d5 33. b5 Bd6 34.
Rd1 Re8 35. Re3 Rxg5 36. Ka2 Rc8 37. Kb3 d4 38. Rxd4 Rxb5+ 39. Nb4 Bc5 40. Rc4
Ra8 41. Rexe4 Rba5 42. a4 Rb8 43. c3 Kf7 44. Rf4+ Kg7 45. Rfe4 h5 46. Re6 Bg1
47. Rcc6 Rg5 48. Re7+ Kh6 49. Rcc7 Rf5 50. Kc4 Ra8 51. Kb3 h4 52. Rh7+ Kg5 53.
Rc4 Bf2 54. Nd3 Bg3 55. Nc5 Rb8+ 56. Kc2 Rf2+ 57. Kd3 Rd8+ 58. Ke3 Re8+ 59. Re4
Rc8 60. Rc4 Re8+ 61. Re4 Ra8 62. Rd4 Rh2 0-1

[Event "LYM - Open Maîtres"]
[Site "Lausanne - Casino de Montbenon"]
[Date "1999.05.12"]
[Round "1"]
[White "Sokolov, Andrei"]
[Black "Schlichtmann, Gisbert"]
[Result "1-0"]
[WhiteElo "2567"]
[BlackElo "2217"]
[PlyCount "81"]
[EventDate "2006.09.01"]
[SourceDate "2006.09.01"]

1. e4 c5 2. Nf3 d6 3. d4 cxd4 4. Nxd4 Nf6 5. Nc3 Nc6 6. Be2 e5 7. Nf3 h6 8. O-O
Be7 9. Re1 O-O 10. h3 Nb8 11. Bc4 Nbd7 12. Be3 a6 13. a4 b6 14. Nh4 Bb7 15. Nf5
Rc8 16. Qd3 Re8 17. Rad1 Bf8 18. Ba2 Rxc3 19. Qxc3 Nxe4 20. Qc4 Qf6 21. f3 d5
22. Rxd5 Bxd5 23. Qxd5 Nec5 24. Ng3 Qe6 25. Rd1 Qxd5 26. Bxd5 Nf6 27. b3 g6 28.
Bc4 h5 29. Nf1 Be7 30. Bf2 Rd8 31. Rxd8+ Bxd8 32. Bxc5 bxc5 33. Bxa6 e4 34.
fxe4 Nxe4 35. Ne3 f5 36. Nc4 Kf7 37. Bb7 Ke6 38. Bxe4 fxe4 39. a5 Bc7 40. a6
Bb8 41. Nb6 1-0

[Event "LYM - Open Maîtres"]
[Site "Lausanne - Casino de Montbenon"]
[Date "1999.05.12"]
[Round "1"]
[White "Joly, Fabrice"]
[Black "Conquest, Stuart"]
[Result "0-1"]
[WhiteElo "2150"]
[BlackElo "2488"]
[PlyCount "100"]
[EventDate "2006.09.01"]
[SourceDate "2006.09.01"]

1. d4 Nf6 2. Nf3 d6 3. g3 Nbd7 4. Bg2 e5 5. dxe5 dxe5 6. O-O Bc5 7. c3 O-O 8.
b4 Bd6 9. Nbd2 Nb6 10. a4 a5 11. b5 Qe7 12. Ne1 e4 13. Nc2 Bf5 14. Ne3 Bg6 15.
Qb3 Bc5 16. Ba3 Rad8 17. Bxc5 Qxc5 18. Ndc4 Nxc4 19. Qxc4 Qxc4 20. Nxc4 b6 21.
Rfc1 Nd7 22. Rd1 Nc5 23. Rd4 Nb3 24. Rad1 Nxd4 25. cxd4 Rfe8 26. e3 f6 27. Rc1
Re7 28. Nd2 Kf8 29. Kf1 Ke8 30. Bh3 Rd5 31. Bg2 Kd8 32. Nc4 h5 33. Ke1 h4 34.
Rc3 Re8 35. Nd2 Rh5 36. Nf1 Bf7 37. Nd2 Bd5 38. Ke2 hxg3 39. hxg3 Kd7 40. Nc4
g5 41. Rc2 Be6 42. Nd2 Bd5 43. Nc4 Rh2 44. Kf1 Rh7 45. Ke2 Kd8 46. Kf1 Re6 47.
Nd2 c6 48. bxc6 Bxc6 49. Rc4 Bd5 50. Rc3 Rc7 0-1

[Event "LYM - Open Maîtres"]
[Site "Lausanne - Casino de Montbenon"]
[Date "1999.05.12"]
[Round "1"]
[White "Bourquin, Stéphane"]
[Black "Lazarev, Vladimir"]
[Result "0-1"]
[WhiteElo "2193"]
[BlackElo "2514"]
[PlyCount "148"]
[EventDate "2006.09.01"]
[SourceDate "2006.09.01"]

1. e4 c5 2. Nf3 Nc6 3. Bb5 e6 4. O-O Nge7 5. c3 a6 6. Ba4 b5 7. Bc2 Bb7 8. a4
Ng6 9. axb5 axb5 10. Rxa8 Qxa8 11. d3 Be7 12. Na3 Ba6 13. Ng5 f6 14. Nh3 O-O
15. f4 b4 16. Nb1 c4 17. dxc4 Bxc4 18. Re1 bxc3 19. Nxc3 Qa7+ 20. Kh1 Rb8 21.
Ng1 Bc5 22. Bd3 Bb3 23. Qh5 Nb4 24. Qe2 Qc7 25. Nh3 Ne7 26. Be3 Bxe3 27. Qxe3
Nxd3 28. Qxd3 Bc4 29. Qd2 Qb7 30. Rb1 d5 31. Nf2 Qb6 32. b3 Bxb3 33. exd5 Nxd5
34. Nfe4 Qc7 35. f5 Nxc3 36. Nxc3 h6 37. fxe6 Bxe6 38. Rxb8+ Qxb8 39. h3 Qg3
40. Ne4 Qe5 41. Nc3 f5 42. Qe2 Qd6 43. Nb5 Qd7 44. Nd4 Bf7 45. Nf3 Bd5 46. Qd3
Qe6 47. Kh2 Be4 48. Qc3 Qd6+ 49. Qe5 Qg6 50. Qf4 Kh7 51. Qe5 Qc6 52. Nh4 Qc2
53. Qd6 Qc8 54. Ng6 Qe8 55. Nf4 Qf7 56. Ne6 Qe8 57. Nf8+ Kg8 58. Ng6 Qa8 59.
Nf4 Qa2 60. Qg6 Qf7 61. Qd6 g5 62. Ne6 Qf6 63. Qd7 Qf7 64. Qc8+ Kh7 65. Nf8+
Kg7 66. Ne6+ Kf6 67. Nd4 Qe7 68. Qh8+ Kg6 69. Qg8+ Kh5 70. Qb8 f4 71. Qc8 Qe5
72. Qg4+ Kg6 73. Nf3 Qd5 74. h4 Bf5 0-1

[Event "LYM - Open Maîtres"]
[Site "Lausanne - Casino de Montbenon"]
[Date "1999.05.12"]
[Round "1"]
[White "Brendel, Olivier"]
[Black "Cancela, Miguel"]
[Result "0-1"]
[WhiteElo "2404"]
[BlackElo "2036"]
[PlyCount "62"]
[EventDate "2006.09.01"]
[SourceDate "2006.09.02"]

1. e4 e5 2. Nf3 Nf6 3. Nc3 Bb4 4. Bc4 O-O 5. O-O d6 6. d3 Nbd7 7. a3 Bxc3 8.
bxc3 Nc5 9. Re1 Bd7 10. h3 Na4 11. Bd2 Nb2 12. Qe2 Nxc4 13. dxc4 h6 14. c5 Bc6
15. Qd3 dxc5 16. Rad1 Qe7 17. Nh4 Qe6 18. f3 Rad8 19. Qe2 Ne8 20. Kh2 Nd6 21.
g4 Qf6 22. Nf5 Nxf5 23. gxf5 Qh4 24. Rg1 Rd6 25. Rdf1 Bb5 26. Qxb5 Rxd2+ 27.
Rg2 Rfd8 28. Qxc5 Rxg2+ 29. Kxg2 Qg5+ 30. Kh2 Rd2+ 31. Rf2 Rd1 0-1

[Event "LYM - Open Maîtres"]
[Site "Lausanne - Casino de Montbenon"]
[Date "1999.05.12"]
[Round "1"]
[White "Grosshans, Ralf"]
[Black "Pavlovic, Milos"]
[Result "0-1"]
[WhiteElo "2195"]
[BlackElo "2525"]
[PlyCount "102"]
[EventDate "2006.09.01"]
[SourceDate "2006.09.02"]

1. e4 c5 2. Nc3 Nc6 3. g3 g6 4. Bg2 Bg7 5. d3 d6 6. f4 e6 7. Nf3 Nge7 8. O-O
O-O 9. Be3 b6 10. Bf2 Bb7 11. Qd2 Qd7 12. Rae1 Rae8 13. h4 f5 14. Ng5 h6 15.
Nf3 e5 16. Bh3 exf4 17. gxf4 d5 18. e5 d4 19. Nd1 Nd8 20. Bg3 h5 21. c4 Bh6 22.
Bg2 Ne6 23. Nf2 Rb8 24. Nh3 Nc6 25. a3 Rfc8 26. Rb1 Ncd8 27. b4 b5 28. cxb5
Qxb5 29. bxc5 Qxc5 30. Rfc1 Qxa3 31. Rxc8 Rxc8 32. Bf2 Rc3 33. Ne1 Bxg2 34.
Kxg2 Qa6 35. Kg3 Nc6 36. Ng5 Bxg5 37. hxg5 Kf7 38. Qb2 Ne7 39. Qb8 Rxd3+ 40.
Nxd3 Qxd3+ 41. Kh2 Qf3 42. Bg3 h4 43. Bxh4 Qh5 44. Rb7 Qxh4+ 45. Kg1 Qe1+ 46.
Kh2 Qf2+ 47. Kh1 Qf1+ 48. Kh2 Qxf4+ 49. Kh1 Qh4+ 50. Kg1 Qxg5+ 51. Kf1 d3 0-1

[Event "LYM - Open Maîtres"]
[Site "Lausanne - Casino de Montbenon"]
[Date "1999.05.12"]
[Round "1"]
[White "Zapolskis, Autonas"]
[Black "Meylan, Pierre"]
[Result "1-0"]
[WhiteElo "2358"]
[BlackElo "2068"]
[PlyCount "93"]
[EventDate "2006.09.01"]
[SourceDate "2006.09.02"]

1. e4 c6 2. d4 d5 3. e5 Bf5 4. Nc3 e6 5. g4 Bg6 6. Nge2 f6 7. Nf4 Bf7 8. exf6
gxf6 9. Qe2 Qe7 10. Nd3 Nd7 11. g5 Bg7 12. gxf6 Bxf6 13. Be3 O-O-O 14. O-O-O c5
15. Nf4 cxd4 16. Bxd4 Bxd4 17. Rxd4 Qg5 18. Kb1 e5 19. Nfxd5 exd4 20. Qc4+ Kb8
21. Qc7+ Ka8 22. h4 Re8 23. Ba6 Qxd5 24. Nxd5 Bxd5 25. Rc1 Ngf6 26. Bb5 Be6 27.
Qd6 Rhg8 28. f3 a6 29. Ba4 Bf5 30. Qxd4 Re2 31. Qf4 Be6 32. Qd4 Rgg2 33. Bb3
Rd2 34. Qc3 Bxb3 35. Qxb3 Nd5 36. a3 N7f6 37. Qc4 Rge2 38. Rg1 Rxc2 39. Qxc2
Rxc2 40. Kxc2 Kb8 41. Rg7 Ka7 42. Kd3 Kb6 43. Kd4 Kc6 44. Rf7 b5 45. Ke5 Nd7+
46. Rxd7 Kxd7 47. Kxd5 1-0

[Event "LYM - Open Maîtres"]
[Site "Lausanne - Casino de Montbenon"]
[Date "1999.05.13"]
[Round "2"]
[White "Sonnberger, Reinhard"]
[Black "De la Riva, Oscar"]
[Result "0-1"]
[WhiteElo "2284"]
[BlackElo "2495"]
[PlyCount "42"]
[EventDate "2006.09.01"]
[SourceDate "2006.09.02"]

1. e4 c5 2. Nf3 Nc6 3. d4 cxd4 4. Nxd4 e6 5. Nc3 Qc7 6. g3 a6 7. Bg2 Nf6 8. Be3
Ne5 9. Nde2 b5 10. a3 Bb7 11. O-O Rc8 12. h3 Be7 13. Rb1 O-O 14. Bd4 d6 15. f4
Nc4 16. Qe1 Rfe8 17. g4 e5 18. fxe5 dxe5 19. Bf2 Red8 20. Bh4 Nd2 21. Rxf6 Bxf6
0-1

[Event "LYM - Open Maîtres"]
[Site "Lausanne - Casino de Montbenon"]
[Date "1999.05.13"]
[Round "2"]
[White "Herzog, Martin"]
[Black "Maric, Alisa"]
[Result "1/2-1/2"]
[WhiteElo "2260"]
[BlackElo "2481"]
[PlyCount "37"]
[EventDate "2006.09.01"]
[SourceDate "2006.09.02"]

1. d4 Nf6 2. c4 e6 3. Nf3 b6 4. Bg5 Bb7 5. Nc3 d5 6. cxd5 exd5 7. e3 Be7 8. Bd3
Nbd7 9. Qc2 O-O 10. O-O c5 11. Rfe1 Rc8 12. Bf5 g6 13. Bh3 Re8 14. Ne5 Ra8 15.
f4 Nxe5 16. fxe5 Ne4 17. Bxe7 Qxe7 18. Rf1 Rad8 19. g3 1/2-1/2

[Event "LYM - Open Maîtres"]
[Site "Lausanne - Casino de Montbenon"]
[Date "1999.05.13"]
[Round "2"]
[White "Pikula, Dejan"]
[Black "Cmiel, Thorsten"]
[Result "1-0"]
[WhiteElo "2456"]
[BlackElo "2260"]
[PlyCount "59"]
[EventDate "2006.09.01"]
[SourceDate "2006.09.02"]

1. e4 c5 2. Nf3 d6 3. d4 cxd4 4. Nxd4 Nf6 5. Nc3 g6 6. Be3 Bg7 7. f3 Nc6 8. Qd2
O-O 9. Bc4 Bd7 10. O-O-O Ne5 11. Bb3 Qa5 12. h4 Rfc8 13. h5 Nxh5 14. Nd5 Qxd2+
15. Rxd2 Kf8 16. g4 Nf6 17. Rdh2 Nc4 18. Bh6 Nxd5 19. exd5 Na5 20. g5 Nxb3+ 21.
axb3 Bxh6 22. Rxh6 Bf5 23. Rxh7 Ke8 24. Rg7 Kd7 25. Rxf7 Rf8 26. Rxf8 Rxf8 27.
Rh7 Ke8 28. Kd2 Bd7 29. Ke3 Rg8 30. b4 1-0

[Event "LYM - Open Maîtres"]
[Site "Lausanne - Casino de Montbenon"]
[Date "1999.05.13"]
[Round "2"]
[White "Magem Badals, Jordi"]
[Black "Sargissian, Gabriel"]
[Result "1/2-1/2"]
[WhiteElo "2557"]
[BlackElo "2390"]
[PlyCount "43"]
[EventDate "2006.09.01"]
[SourceDate "2006.09.02"]

1. e4 c5 2. Nf3 d6 3. d4 Nf6 4. Nc3 cxd4 5. Nxd4 Nc6 6. f3 e6 7. Be3 Be7 8. Qd2
a6 9. O-O-O Nxd4 10. Qxd4 e5 11. Qd2 Be6 12. g4 Rc8 13. g5 Nh5 14. Rg1 Qa5 15.
a3 O-O 16. Kb1 Kh8 17. Nd5 Qxd2 18. Rxd2 Bxd5 19. Rxd5 g6 20. Rd3 Nf4 21. Rb3
Rc7 22. Bxf4 1/2-1/2

[Event "LYM - Open Maîtres"]
[Site "Lausanne - Casino de Montbenon"]
[Date "1999.05.13"]
[Round "2"]
[White "Rainfray, Arnaud"]
[Black "Kneinys, Aloyzas"]
[Result "0-1"]
[WhiteElo "2322"]
[BlackElo "2502"]
[PlyCount "54"]
[EventDate "2006.09.01"]
[SourceDate "2006.09.02"]

1. e4 c5 2. Nf3 e6 3. c3 Nf6 4. e5 Nd5 5. d4 cxd4 6. cxd4 d6 7. a3 Bd7 8. Bd3
Bc6 9. O-O Nd7 10. b4 a6 11. Re1 Rc8 12. Bb2 dxe5 13. dxe5 N7b6 14. Nd4 Nf4 15.
Bf1 Bd5 16. Qg4 Na4 17. Qxf4 Nxb2 18. Nd2 Be7 19. Qg4 O-O 20. Re3 g6 21. Rb1
Na4 22. Rh3 Rc3 23. Bd3 Qc7 24. Qf4 f5 25. Ne2 Rxa3 26. Rc1 Qd8 27. Rg3 Bh4 0-1

[Event "LYM - Open Maîtres"]
[Site "Lausanne - Casino de Montbenon"]
[Date "1999.05.13"]
[Round "2"]
[White "Ekstroem, Roland"]
[Black "Papa, Séverin"]
[Result "1-0"]
[WhiteElo "2498"]
[BlackElo "2115"]
[PlyCount "51"]
[EventDate "2006.09.01"]
[SourceDate "2006.09.02"]

1. e4 c6 2. d4 d5 3. exd5 cxd5 4. c4 Nf6 5. Nc3 Nc6 6. Nf3 Bg4 7. cxd5 Nxd5 8.
Qb3 Bxf3 9. gxf3 Nb6 10. Be3 e6 11. O-O-O Be7 12. d5 exd5 13. Nxd5 Nxd5 14.
Rxd5 Qc7 15. Kb1 O-O 16. f4 Rad8 17. Bg2 Bf6 18. Rc1 Rxd5 19. Bxd5 Rd8 20. Bxa7
Qxf4 21. Bxf7+ Kh8 22. Be3 Qf5+ 23. Qc2 Qe5 24. Bb3 Nd4 25. Qc3 Qxh2 26. Bxd4
1-0

[Event "LYM - Open Maîtres"]
[Site "Lausanne - Casino de Montbenon"]
[Date "1999.05.13"]
[Round "2"]
[White "Jenni, Florian"]
[Black "Sokolov, Andrei"]
[Result "1/2-1/2"]
[WhiteElo "2395"]
[BlackElo "2567"]
[PlyCount "55"]
[EventDate "2006.09.01"]
[SourceDate "2006.09.02"]

1. e4 c5 2. Nf3 e6 3. c3 d5 4. exd5 exd5 5. d4 Nc6 6. Be3 c4 7. b3 cxb3 8. axb3
Bd6 9. Bd3 Nge7 10. O-O Bg4 11. Re1 Bh5 12. Nbd2 Bg6 13. Nf1 O-O 14. Bg5 Re8
15. Bxe7 Nxe7 16. Bxg6 hxg6 17. Ne3 a6 18. c4 Bb4 19. Re2 b5 20. Qd3 bxc4 21.
bxc4 dxc4 22. Qxc4 a5 23. Ne5 Rf8 24. d5 Qd6 25. Nc6 Rfe8 26. Rc2 Nf5 27. Ng4
Ne7 28. Ne3 1/2-1/2